Risala Deeniyat (Record no. 950)

MARC details
000 -LEADER
fixed length control field 00575nam a2200241 a 4500
020 ## - INTERNATIONAL STANDARD BOOK NUMBER
ISBN
082 00 - DEWEY DECIMAL CLASSIFICATION NUMBER
Classification number 297.1
Author Cutter MAW
100 ## - MAIN ENTRY--AUTHOR NAME
Author name Mawdoodi, Abul Ala
245 ## - TITLE STATEMENT
Title Risala Deeniyat
260 ## - PUBLICATION, DISTRIBUTION, ETC. (IMPRINT)
Place of publication Rampur
Name of publisher Maktaba Jamat-E-Islami
Year of publication 1955
300 ## - PHYSICAL DESCRIPTION
Number of Pages 191p.
500 ## - GENERAL NOTE
General note includes index and biblioraphy
505 2# - FORMATTED CONTENTS NOTE
Formatted contents note reference
650 ## - SUBJECT ADDED ENTRY--TOPICAL TERM
Topical Term Islam-Doctrines
942 ## - ADDED ENTRY ELEMENTS (KOHA)
Koha item type Books
700 1# -
-- Mawdoodi, Abul Ala
Holdings
Collection code Home library Current library Date acquired Cost, normal purchase price Full call number Accession Number Koha item type
  Henry Martyn Institute Library Henry Martyn Institute Library 07/27/2007 1.25 297.1 MAW 04849 Books
                   Copyright © 2026 | Henry Martyn Institute | Hyderabad | TS-500052 | INDIA | Implemented by hmi.edu.in
Hit-Count:

Powered by Koha